Battles in WW2 by picture - Statistics

General Stats
  • This quiz has been taken 103 times
    87 since last reset
  • The average score is 6 of 12
Answer Stats
Picture Answer % Correct
D-day
97%
Berlin
96%
Midway
93%
Pearl Harbor
89%
Stalingrad
89%
Battle of Britain
50%
El Alamein
41%
Leyte Gulf
19%
Kyiv
8%
Cape Matapan
4%
Glowworm
4%
Toranto
1%
No matching quizzes found
Score Distribution
Percent of People with Each Score
Percentile by Number Answered
Your Score History
You have not taken this quiz since the last reset